000 00498nam a2200181Ia 4500
005 20250214020017.0
008 240331s9999 xx 000 0 und d
020 _a1878379151
082 _bLIT
_a954.93
100 _aLittle, D
245 0 _aSri Lanka the invention of enmity :
_bThe invention of enmity
260 _aWashington
_bUnited States Institute of Peace press
_c1994
300 _axxviii, 175 p .,
650 _aReligion
650 _aNationalism
650 _aIntolerance
942 _cL
999 _c3479
_d3479